[Event "36 Abierto Ciudad de Sevilla"]
[Site "?"]
[Date "2011.01.09"]
[Round "3"]
[White "Das, Arghyadip"]
[Black "Gomez Rebollo, Alfonso Carlos"]
[Result "1-0"]
[WhiteElo "2479"]
[BlackElo "2176"]
[PlyCount "85"]
[EventDate "2011.01.09"]
[SourceDate "2011.01.07"]

1. e4 c5 2. Ne2 d6 3. d4 cxd4 4. Nxd4 Nf6 5. f3 e5 6. Nb3 Be6 7. c4 a5 8. Be3
Nc6 9. Nc3 Be7 10. Nd5 Bxd5 $2 (10... O-O) 11. cxd5 Nb4 12. Bb5+ Nd7 {
Diagrama #} 13. a3 $6 (13. O-O O-O 14. a3 Na6 15. Nxa5 $18) 13... Na6 14. Bxd7+
Qxd7 15. Nxa5 Qb5 16. b4 Bd8 17. Nb3 O-O 18. Qe2 $16 Qa4 19. Qc2 (19. Qd3)
19... Bh4+ (19... Qb5) 20. g3 Rfc8 21. Qb2 Qb5 22. Kf2 Qd3 23. Rac1 Bd8 24.
Rhd1 Qb5 25. Rxc8 Rxc8 26. Rc1 Ra8 27. Rc3 g6 28. Nd2 f5 29. Qc2 f4 30. gxf4
Qd7 31. Kg2 exf4 32. Bxf4 Bf6 33. Rc4 g5 34. Bg3 Re8 35. Nf1 Kh8 36. Ne3 h5 37.
Nf5 h4 38. Bxd6 h3+ 39. Kxh3 Rg8 40. e5 Bd8 41. e6 Qh7+ 42. Kg2 Bf6 43. Ne7 1-0

[Event "36 Abierto Ciudad de Sevilla"]
[Site "?"]
[Date "2011.01.10"]
[Round "4"]
[White "Teran Alvarez, Ismael"]
[Black "Dizdar, Goran"]
[Result "1-0"]
[WhiteElo "2432"]
[BlackElo "2544"]
[PlyCount "37"]
[EventDate "2011.01.10"]
[SourceDate "2011.01.07"]

1. e4 e6 2. d4 d5 3. Nc3 Nf6 4. e5 Nfd7 5. f4 c5 6. Nf3 Nc6 7. Be3 Be7 8. Qd2
O-O 9. Be2 a6 ({otra posibilidad es} 9... cxd4 10. Nxd4 Nxd4 11. Bxd4 Nb8 12.
O-O Nc6 13. Bf2 Bd7 14. Nb5 a6 15. Nd4 {
1-0 en 79, Timman,J (2605)-Hort,V (2585)/Linares 1983}) 10. O-O b5 11. a3 Qb6
12. Nd1 f6 13. c3 fxe5 14. fxe5 {Diagrama # el negro debe activarse ya que el
blanco puede jugar Cf2-d3 y tiene presión en el flanco de rey} Na5 $6 (14... a5
$5) 15. Qc2 $16 Nc4 $2 (15... cxd4 16. cxd4 Rf7 17. Bd3 g6) 16. Bd3 $18 {
forzando debilitaciones en el enroque} h6 (16... g6 17. Bxg6 $18) (16... Nxe3
17. Bxh7+ Kh8 18. Nxe3 $18) 17. Bxh6 gxh6 18. Bh7+ Kh8 19. Qg6 {Diagrama #} 1-0

[Event "36 Abierto Ciudad de Sevilla"]
[Site "?"]
[Date "2011.01.10"]
[Round "4"]
[White "Haslinger, Stewart G."]
[Black "Fernandez Romero, Ernesto"]
[Result "1/2-1/2"]
[WhiteElo "2536"]
[BlackElo "2453"]
[PlyCount "29"]
[EventDate "2011.01.10"]
[SourceDate "2011.01.07"]

1. e4 e5 2. Nf3 Nc6 3. d4 exd4 4. Nxd4 Nf6 5. Nxc6 bxc6 6. e5 Qe7 7. Qe2 Nd5 8.
Nd2 g6 9. c4 Ba6 10. Nf3 Qb4+ 11. Kd1 Nb6 12. b3 Bg7 13. Qd2 {Diagrama #} Qxd2+
({se había jugado} 13... Qe7 14. Qa5 Bb7 15. Ba3 d6 {1/2-1/2 en 37, Baklan,V
(2578)-Gyimesi,Z (2602)/Austria 2005. Era posible 15...c5}) 14. Bxd2 O-O 15.
Kc2 1/2-1/2

[Event "36 Abierto Ciudad de Sevilla"]
[Site "?"]
[Date "2011.01.10"]
[Round "4"]
[White "Lalic, Bogdan"]
[Black "Melero Fidalgo, Juan de Dios"]
[Result "1-0"]
[WhiteElo "2491"]
[BlackElo "2227"]
[PlyCount "57"]
[EventDate "2011.01.10"]
[SourceDate "2011.01.07"]

1. d4 Nf6 2. c4 e6 3. Nc3 Bb4 4. f3 d5 5. a3 Bxc3+ 6. bxc3 c5 7. cxd5 Nxd5 8.
dxc5 Qa5 9. e4 Ne7 ({no} 9... Nxc3 $2 10. Qd2 Qxc5 11. Bb2 $18) 10. Be3 O-O (
10... Qxc3+ 11. Kf2) 11. Qb3 Qc7 ({otras posibilidades son} 11... Na6 12. Rd1
$1 Nc6 (12... Nxc5 13. Qb4 $16) 13. Bb5 $14) ({o} 11... e5 12. Bc4 Na6 13. Ne2
Nc6 14. Rb1 $5 Qc7 15. Qa2 Na5 16. Bd5 Nxc5 17. O-O $16 {
Malaniuk-Komarov/Warschau/1989/}) 12. Bb5 {Diagrama #} b6 $6 ({
otras posibilidades son} 12... Nec6 13. Ne2 Na5 14. Qa2 e5 15. c4 Be6 16. Rc1
$13) ({o} 12... Na6 $5 13. Bxa6 $1 bxa6 14. Ne2 e5 15. c4 Rb8 16. Qa2 Be6 17.
O-O Nc6 18. Nc3 Nd4 19. Bxd4 exd4 20. Nd5 Qxc5 $10) 13. cxb6 axb6 14. Ne2 $16
e5 15. c4 Na6 16. Nc3 Nc5 17. Qc2 f5 18. O-O fxe4 19. fxe4 Rxf1+ (19... Be6 20.
a4 $16) 20. Rxf1 $18 Be6 21. a4 Nc8 22. Qf2 Nd6 23. a5 Qc8 24. axb6 Ncb7 25. c5
Nxb5 26. Nxb5 Bc4 27. Na7 Rxa7 28. bxa7 Bxf1 29. Qa2+ 1-0

[Event "36 Abierto Ciudad de Sevilla"]
[Site "?"]
[Date "2011.01.10"]
[Round "4"]
[White "Starostits, Ilmars"]
[Black "Spraggett, Kevin"]
[Result "1/2-1/2"]
[WhiteElo "2494"]
[BlackElo "2575"]
[PlyCount "27"]
[EventDate "2011.01.10"]
[SourceDate "2011.01.07"]

1. e4 c5 2. Nc3 Nc6 3. g3 e6 4. Bg2 Nf6 5. Nge2 a6 6. d4 cxd4 7. Nxd4 Qc7 8.
O-O h6 9. Kh1 Nxd4 10. Qxd4 Bc5 11. Qd3 d6 12. Be3 Bxe3 13. Qxe3 O-O 14. Rad1 {
Diagrama #} 1/2-1/2

[Event "36 Abierto Ciudad de Sevilla"]
[Site "?"]
[Date "2011.01.10"]
[Round "4"]
[White "Rizouk, Aimen"]
[Black "Das, Arghyadip"]
[Result "1/2-1/2"]
[WhiteElo "2539"]
[BlackElo "2479"]
[PlyCount "49"]
[EventDate "2011.01.10"]
[SourceDate "2011.01.07"]

1. e4 c5 2. Nf3 d6 3. d4 cxd4 4. Nxd4 Nf6 5. Nc3 a6 6. Be2 e6 7. a4 Nc6 8. Be3
Be7 9. O-O O-O 10. f4 Qc7 11. Kh1 Bd7 12. Bd3 Nb4 (12... Nxd4 13. Bxd4 e5) 13.
a5 Rac8 14. Qe1 (14. Qf3) 14... Ng4 (14... d5 $5 15. e5 Ng4 16. Bg1 Bc5 {
seguido de Cxd3 y Ch6-f5}) 15. Bg1 e5 16. Nde2 (16. Nd5 $5 Nxd5 17. exd5 $16)
16... Bc6 (16... f5 $5) 17. Bb6 Qb8 18. Nd5 (18. Qg3 $5) 18... Nxd5 19. exd5
Bxd5 20. Bf5 Be6 21. Nd4 exd4 22. Bxe6 fxe6 23. Qxe6+ Rf7 24. Qxg4 Rxc2 25.
Bxd4 {Diagrama #} 1/2-1/2

[Event "36 Abierto Ciudad de Sevilla"]
[Site "?"]
[Date "2011.01.10"]
[Round "4"]
[White "Gavira Galocha, Antonio Jesus"]
[Black "Alonso Garcia, Rene Marcial"]
[Result "0-1"]
[WhiteElo "2030"]
[BlackElo "2403"]
[PlyCount "72"]
[EventDate "2011.01.10"]
[SourceDate "2011.01.07"]

1. d4 e6 2. Nf3 Nf6 3. Bf4 c5 4. e3 Qb6 5. Qc1 Nc6 6. c3 Nh5 7. Bg3 d5 8. Nbd2
cxd4 9. exd4 Nxg3 10. hxg3 Be7 11. Bd3 h6 12. Rb1 Bd7 13. Qd1 Qc7 14. Qe2 Bf6
15. O-O O-O 16. Rfe1 Rab8 17. a4 a6 18. Nb3 Be7 19. Nbd2 Rfe8 20. Bc2 Bf6 21.
Qd3 (21. Ne5 Bxe5 22. dxe5 Nd4 23. Qd3 Nxc2 24. Qxc2 $11) 21... g6 22. Nf1 (22.
Qe3 $5 Bg7 23. Ne5) 22... b5 23. axb5 axb5 24. Ne3 Bg7 {Diagrama #} 25. b4 $2 {
debilitando c3 sin suficiente justificación} (25. Ng4 b4 26. Qd2 Kh7 27. Bd3
bxc3 28. bxc3 Rxb1 29. Rxb1 Ra8 30. Rc1 Na5 31. Qc2 Rc8 $15) 25... Rec8 26.
Rbc1 (26. Ra1) 26... Ra8 27. Ra1 (27. Qd2 $5 Ne7 (27... Ra2 $6 28. Ng4 Kh7 $2
29. Bxg6+) 28. Ng4 Kh7 29. Nge5 Be8 $15) 27... Ne7 $17 28. Rxa8 Rxa8 29. Nd2 (
29. Nd1) 29... Rc8 30. Nd1 e5 31. Nb3 $2 (31. Bb1) 31... Bf5 $19 32. Qd2 Bxc2
33. Qxc2 exd4 34. Nc5 Nc6 35. Qd3 dxc3 36. Qxb5 Nxb4 0-1

[Event "36 Abierto Ciudad de Sevilla"]
[Site "?"]
[Date "2011.01.10"]
[Round "4"]
[White "Saric, Ante"]
[Black "Lemos, Damian"]
[Result "1/2-1/2"]
[WhiteElo "2482"]
[BlackElo "2553"]
[PlyCount "120"]
[EventDate "2011.01.09"]
[SourceDate "2011.01.07"]

1. Nf3 Nf6 2. g3 d5 3. Bg2 c6 4. O-O Bg4 5. d4 Nbd7 6. Nbd2 e6 7. Re1 Bf5 8.
Nh4 Bg4 9. Nhf3 Be7 10. e4 O-O 11. c3 Rc8 12. Qb3 Qc7 13. exd5 cxd5 14. Ne5
Nxe5 15. Rxe5 Bd6 16. Re1 Bf5 17. Nf3 Be4 18. Ng5 Bxg2 19. Kxg2 Rfe8 20. Nh3
Qc6 21. Bf4 Bf8 22. a4 Nd7 23. Ng5 h6 24. Nf3 a6 25. a5 Bd6 26. Bxd6 Qxd6 27.
Ra4 Rb8 28. Rb4 b6 29. axb6 {Diagrama #} a5 30. Rb5 Rxb6 31. Ra1 Ra8 32. Rxb6
Qxb6 33. Qxb6 Nxb6 34. Ne5 Kf8 35. Nd3 Ke7 36. Nc5 Nd7 37. Nxd7 Kxd7 38. Kf3
Rb8 39. Rxa5 Rxb2 40. Ra7+ Ke8 41. h4 Rc2 42. Rc7 g6 43. g4 g5 44. hxg5 hxg5
45. Ke3 Rc1 46. f3 Kf8 47. Kd2 Ra1 48. Ke3 Kg7 49. Ke2 Kg6 50. Ke3 Rh1 51. Re7
Rh4 52. Kd3 Kg7 53. Rc7 Rh8 54. Ke3 Kf6 55. Kd2 Re8 56. Ke3 Kg6 57. Kd2 Rd8 58.
Re7 Rc8 59. Kd3 Rc6 60. Kd2 Rb6 1/2-1/2

[Event "36 Abierto Ciudad de Sevilla"]
[Site "?"]
[Date "2011.01.10"]
[Round "4"]
[White "Paunovic, Dragan"]
[Black "Kovacevic, Slobodan"]
[Result "0-1"]
[WhiteElo "2509"]
[BlackElo "2330"]
[PlyCount "90"]
[EventDate "2011.01.09"]
[SourceDate "2011.01.07"]

1. e4 c5 2. Nf3 e6 3. d4 cxd4 4. Nxd4 a6 5. c4 Nf6 6. Nc3 Qc7 7. a3 b6 8. Be3
Bb7 9. f3 d6 10. Rc1 Be7 11. Be2 Nbd7 12. O-O O-O 13. b4 Rfe8 14. Qd2 Rac8 15.
Kh1 Qb8 16. Rfd1 Bd8 17. Nb3 Bc7 18. Bf4 Ne5 19. Bxe5 dxe5 20. c5 Red8 21. Qe3
Nd7 ({se había jugado} 21... bxc5 22. Nxc5 a5) 22. c6 Bxc6 23. Bxa6 Bb7 24.
Bxb7 Qxb7 25. Nb5 Nf8 26. a4 Rxd1+ 27. Rxd1 Qa6 28. Ra1 h6 29. h3 Bd8 30. Nd6
Rc7 31. b5 Qa8 {Diagrama #} 32. a5 $2 (32. Nd2) 32... bxa5 33. Rxa5 Qb8 $17 34.
Ra6 $2 (34. Ra2 Rd7) 34... Rd7 $19 35. Qc5 Be7 36. Qc8 Bxd6 37. Qxb8 Bxb8 38.
Nc5 Ra7 39. Rc6 Rc7 40. Na6 Rb7 41. Rc8 Ba7 42. Nc7 Rb8 43. Rxb8 Bxb8 44. b6
Nd7 45. Na6 Bd6 0-1

[Event "36 Abierto Ciudad de Sevilla"]
[Site "?"]
[Date "2011.01.10"]
[Round "4"]
[White "Razmyslov, Alexander"]
[Black "Romero Sanchez, Jesús"]
[Result "1-0"]
[WhiteElo "2439"]
[BlackElo "2144"]
[PlyCount "88"]
[EventDate "2011.01.09"]
[SourceDate "2011.01.07"]

1. Nf3 Nf6 2. c4 e6 3. g3 b6 4. Bg2 Bb7 5. O-O Be7 6. d4 O-O 7. d5 exd5 8. Nh4
c6 9. cxd5 Nxd5 10. Nf5 Nc7 11. e4 d5 12. Nc3 Bf6 13. exd5 cxd5 14. Bf4 Nba6
15. Rc1 Bc8 16. Nd4 Bb7 ({apartándose de} 16... Be6 17. Re1 Qd7 {
1/2-1/2 en 73 Dgebuadze,A (2547)-Werle,J (2412)/Dieren 2001}) 17. Nf5 Bc8 18.
g4 Be6 (18... Bxf5 19. gxf5 Qe7 20. a3 Rfe8 $15) 19. b4 Qd7 (19... Nxb4 $2 20.
Bxc7 Qxc7 21. Nxd5 $18) 20. a3 Rad8 (20... Bxf5 21. gxf5 Qxf5 22. Bxc7 Nxc7 23.
Nxd5 Nxd5 24. Qxd5 Qxd5 25. Bxd5 Rac8 $15) 21. h3 $6 (21. Qd3) 21... Bxf5 22.
gxf5 Qxf5 23. Qg4 Qxg4 24. hxg4 Ne6 25. Bg3 {Diagrama #} Bxc3 (25... Nac7 $19)
26. Rxc3 d4 27. Rc4 Nb8 (27... b5 28. Rc2) 28. f4 d3 (28... b5 29. Rc2 Nd7 $17)
29. Rd1 Nd4 30. Kf2 Nc2 $2 (30... Ne2 31. Bh2 Rfe8) 31. Rc3 Rfe8 32. Bf3 h6 33.
f5 {Diagrama #} h5 $6 (33... b5 34. Rcxd3 Rxd3 35. Rxd3 Ne1 $11) 34. gxh5 $14
Ne3 35. Rdxd3 Rxd3 36. Rxd3 Nxf5 37. Bf4 Rc8 $2 (37... g6) 38. Bg4 $18 g6 39.
Bxf5 gxf5 40. Rg3+ (40. b5) 40... Kh7 (40... Kh8 41. Be5+ Kh7 42. Rg7+ Kh6 43.
Rxf7 $14) 41. h6 Nc6 42. b5 Nd8 43. Rg7+ Kh8 44. Be5 Rc2+ 1-0

[Event "36 Abierto Ciudad de Sevilla"]
[Site "?"]
[Date "2011.01.10"]
[Round "4"]
[White "Hurtado Rueda, Manuel"]
[Black "Corrales Jimenez, Fidel"]
[Result "0-1"]
[WhiteElo "2076"]
[BlackElo "2591"]
[PlyCount "102"]
[EventDate "2011.01.09"]
[SourceDate "2011.01.07"]

1. Nf3 Nf6 2. b4 g6 3. Bb2 Bg7 4. c4 O-O 5. g3 d6 6. Bg2 c5 7. b5 a6 8. a4 axb5
9. axb5 Rxa1 10. Bxa1 Qa5 11. Bc3 Qa2 12. d3 d5 13. Nbd2 dxc4 14. Nxc4 Be6 15.
Ncd2 Bd7 16. b6 Qa6 17. Qb3 Be6 18. Nc4 Bxc4 19. dxc4 Ne4 $14 20. Bxg7 Qa5+ 21.
Bc3 Nxc3 22. O-O Nxe2+ 23. Kh1 Nc6 24. Qe3 Ned4 25. Ne5 {Diagrama #} Nf5 (25...
Nxe5 26. Qxe5 Qxb6 27. Qxe7 Nf5 28. Qxb7 Qxb7 29. Bxb7 Rb8) 26. Nxc6 $2 (26.
Qe1) 26... bxc6 $17 27. Qe4 Qxb6 28. Rb1 $2 (28. g4) 28... Qa7 $19 29. Qxc6 Qa2
30. Qe4 Qxf2 31. Rf1 Qd4 32. Qc2 e6 33. Rf4 Qe3 34. Qb2 Rd8 35. Rf1 Qd4 36. Qb7
Qxc4 37. Qc7 Rf8 38. Qe5 Qd4 39. Qe2 Ne3 40. Rf4 Qa1+ 41. Bf1 Nxf1 42. Rxf1 Qc3
43. Rf3 Qd4 44. Qg2 c4 45. g4 Qd5 46. Qg3 Ra8 47. Kg1 Ra1+ 48. Kg2 e5 49. Kh3
Rd1 50. Re3 Qd8 51. g5 Qd7+ 0-1

[Event "36 Abierto Ciudad de Sevilla"]
[Site "?"]
[Date "2011.01.10"]
[Round "4"]
[White "Barrera Garcia, Carlos"]
[Black "Ortega Valle, Jose Ramon"]
[Result "1-0"]
[WhiteElo "2395"]
[BlackElo "2060"]
[PlyCount "49"]
[EventDate "2011.01.09"]
[SourceDate "2011.01.07"]

1. d4 g6 2. e4 Bg7 3. Nc3 a6 4. Nf3 d6 5. Bc4 b5 6. Bb3 Nf6 7. Qe2 {
con las prematuras a6 y b5 el negro no está en condiciones de oponerse a e5}
O-O 8. e5 Ne8 9. Bg5 $16 dxe5 $6 (9... Ra7) 10. dxe5 c6 11. Qe4 Ra7 12. h4 Bf5
13. Qe3 Qc7 14. h5 e6 15. hxg6 Bxg6 16. Nh4 $6 (16. Bd8 $18) (16. O-O-O $18)
16... Qxe5 17. Nxg6 hxg6 $16 18. Ne4 Rd7 {Diagrama #} 19. Qh3 $6 (19. c3 Nd6
20. Nc5 Qxe3+ 21. fxe3 Ra7 22. O-O-O $16) 19... Qxe4+ $6 (19... f5 20. Qh7+ Kf7
21. Rh6 Nc7 22. Rxg6 fxe4 23. Bh6 Ke8 24. Rxg7 $14) 20. Kf1 $18 f5 21. Re1
Qxe1+ 22. Kxe1 Kf7 23. Qe3 Nc7 24. Rh7 Re8 25. Bh6 1-0

[Event "36 Abierto Ciudad de Sevilla"]
[Site "?"]
[Date "2011.01.10"]
[Round "4"]
[White "Korneev, Oleg"]
[Black "Khamrakulov, Ibragim S."]
[Result "1/2-1/2"]
[WhiteElo "2576"]
[BlackElo "2494"]
[PlyCount "31"]
[EventDate "2011.01.09"]
[SourceDate "2011.01.07"]

1. e4 c5 2. Nf3 e6 3. d4 cxd4 4. Nxd4 a6 5. Bd3 Nc6 6. Nxc6 bxc6 7. O-O d5 8.
c4 Nf6 9. Nc3 Be7 10. cxd5 cxd5 11. exd5 exd5 12. Be3 O-O 13. Na4 Be6 14. Re1
a5 15. Bc2 Qc7 16. Rc1 {ilegible Diagrama #} 1/2-1/2

[Event "36 Abierto Ciudad de Sevilla"]
[Site "?"]
[Date "2011.01.10"]
[Round "4"]
[White "Bellia, Fabrizio"]
[Black "Abbasov, Farid"]
[Result "1/2-1/2"]
[WhiteElo "2477"]
[BlackElo "2537"]
[PlyCount "90"]
[EventDate "2011.01.09"]
[SourceDate "2011.01.07"]

1. e4 g6 2. d4 Bg7 3. Nc3 d6 4. f4 c6 5. Nf3 Bg4 6. Be3 Qb6 7. Qd2 Qxb2 8. Rb1
Qa3 9. Rxb7 Nf6 10. Bd3 Nfd7 11. Rb3 Qa5 12. O-O Nb6 13. Ne2 Qxd2 14. Nxd2 N8d7
15. h3 Bxe2 16. Bxe2 O-O 17. Nf3 Rfc8 18. c3 c5 19. Rfb1 cxd4 20. cxd4 d5 21.
e5 Nc4 22. Bxc4 dxc4 23. Rb5 e6 24. d5 (24. Rb7 Nb6 25. Ng5) 24... exd5 25.
Rxd5 Nb6 26. Rc5 Bf8 27. Rxc8 Rxc8 28. Nd4 (28. Kf2) 28... Nd5 29. Nc2 {
Diagrama #} Nxe3 (29... a5 $15) 30. Nxe3 Bc5 (30... f6) 31. Kf2 Rd8 32. Rb5
Rd2+ 33. Kf3 Bxe3 34. Kxe3 Rxa2 35. Rc5 Rxg2 36. Rxc4 Rg3+ 37. Ke4 Rxh3 38.
Rc8+ Kg7 39. Rc7 Rh1 40. Rxa7 h5 41. Kf3 Rf1+ 42. Kg3 g5 43. fxg5 Kg6 44. Ra6+
Kxg5 45. e6 f6 1/2-1/2

[Event "36 Abierto Ciudad de Sevilla"]
[Site "?"]
[Date "2011.01.10"]
[Round "4"]
[White "Lanzani, Mario"]
[Black "Sengupta, Deep"]
[Result "1/2-1/2"]
[WhiteElo "2359"]
[BlackElo "2530"]
[PlyCount "96"]
[EventDate "2011.01.10"]
[SourceDate "2011.01.07"]

1. e4 e6 2. d4 d5 3. Nd2 Nf6 4. e5 Nfd7 5. Bd3 c5 6. c3 Nc6 7. Ne2 cxd4 8. cxd4
f6 9. Nf4 fxe5 10. Nxe6 Qb6 11. O-O (11. Qh5+ Ke7 12. Nxf8 Rxf8 13. Qxh7 Qxd4
14. Nf3 Qg4 15. Bg5+ Kd6 16. Qxg7 Qb4+ 17. Bd2 Qxb2 18. Rd1 Nb4 19. Be4 Nxa2
20. O-O Nc3 21. Bxc3 Qxc3 22. Bxd5 {1-0 Roeder,F (2340)-Martin,T/Vorra 1990})
11... Nf6 12. dxe5 Nxe5 13. Bb5+ Kf7 14. Ng5+ Kg8 15. Be2 Bd6 16. Ngf3 Bf5 17.
Nb3 Qc7 18. Nbd4 Nxf3+ 19. Bxf3 Be4 20. g3 Qf7 21. Be3 Be5 22. Bg2 h6 (22...
Bxg2 23. Kxg2 Re8) 23. f3 $16 Bg6 24. f4 Bc7 (24... Bxd4) 25. f5 Bh5 26. Bf3 (
26. Qb3 Bb6 27. h3 Re8 28. Rfe1 Re5 $16) 26... Bb6 27. Bxh5 Qxh5 28. Qxh5 Nxh5
29. Rad1 $14 Kf7 30. Nc2 Rhc8 31. Bxb6 Rxc2 32. Bd4 Re8 33. Rf2 Ree2 34. Rxe2
Rxe2 35. Rc1 a6 36. Rc7+ Re7 37. Rxe7+ Kxe7 38. Kf2 Nf6 39. Kf3 Kf7 40. Kf4 Nd7
41. g4 Kf8 42. h4 Kf7 43. g5 hxg5+ 44. hxg5 g6 45. a4 b6 46. b4 b5 47. axb5
axb5 48. Bc3 Nb8 {Diagrama #} 1/2-1/2

[Event "36 Abierto Ciudad de Sevilla"]
[Site "?"]
[Date "2011.01.10"]
[Round "4"]
[White "Teske, Henrik"]
[Black "Pogorelov, Ruslan"]
[Result "1-0"]
[WhiteElo "2530"]
[BlackElo "2427"]
[PlyCount "115"]
[EventDate "2011.01.10"]
[SourceDate "2011.01.07"]

1. Nf3 Nf6 2. c4 e6 3. Nc3 Bb4 4. g3 O-O 5. Bg2 d5 6. Qb3 c5 7. a3 Ba5 8. O-O
Nc6 9. d3 Bxc3 10. Qxc3 d4 11. Qd2 a5 12. b3 e5 13. e4 dxe3 14. Qxe3 Nd4 15.
Nxd4 exd4 16. Qd2 Bf5 17. Re1 Qd7 18. Bb2 Ra7 19. Re5 b6 20. b4 axb4 21. axb4
Rxa1+ 22. Bxa1 Re8 23. Rxe8+ Qxe8 24. Bb2 h6 25. bxc5 bxc5 26. Ba3 Qe7 27. Bf1
Qa7 28. Bc1 Qa4 29. h3 Bg6 30. Qe2 Kh7 31. Bf4 Nd7 32. Bd6 f6 33. Bf4 Qb3 34.
g4 Ne5 35. Bxe5 fxe5 36. h4 {Diagrama #} Kh8 $2 (36... Kg8) (36... Qb8) 37. h5
Bh7 38. Qxe5 Bxd3 $2 39. g5 $18 Bh7 (39... hxg5 40. h6) 40. gxh6 Qb7 41. Qxc5
Qd7 42. Bh3 Qd8 43. Be6 Bc2 44. Qe5 Qf6 45. hxg7+ Qxg7+ 46. Qxg7+ Kxg7 47. c5
d3 48. Bf5 Kh6 49. c6 Ba4 50. c7 d2 51. Bg4 Bd7 52. Bd1 Bf5 53. f4 Kg7 54. Kf2
Kf6 55. Ke3 Ke7 56. Kxd2 Kd7 57. h6 Kxc7 58. Bc2 1-0

[Event "36 Abierto Ciudad de Sevilla"]
[Site "?"]
[Date "2011.01.10"]
[Round "4"]
[White "Del Campo Gomez, Jose Luis"]
[Black "Piasetski, Leon"]
[Result "1/2-1/2"]
[WhiteElo "2141"]
[BlackElo "2303"]
[PlyCount "95"]
[EventDate "2011.01.10"]
[SourceDate "2011.01.07"]

1. d4 c5 2. d5 e5 3. e4 d6 4. Nc3 Be7 5. Nf3 Bg4 6. Bb5+ Kf8 7. a4 Bxf3 8. Qxf3
a6 9. Bd3 Bg5 10. Be3 Nd7 11. O-O h6 12. Qh3 Bxe3 13. fxe3 Ngf6 (13... h5) 14.
Rf2 g6 $6 15. Raf1 Kg7 16. g4 Qe7 17. Qg2 Raf8 18. Ne2 Nh7 19. Rf3 Ndf6 20. b3
h5 21. g5 Nd7 22. Rg3 Rhg8 23. Kh1 Kh8 24. Rg1 f6 25. gxf6 Rxf6 26. Qh3 Qf7 27.
Nc3 g5 28. Be2 g4 29. Qh4 Rf2 30. h3 Ndf6 31. R3g2 Nxe4 32. Nxe4 Rxe2 33. Nxd6
Qf3 34. Qg3 Qxg3 35. Rxg3 Ng5 36. hxg4 h4 37. R3g2 Rxe3 38. Rf1 Rd8 39. Nf5
Rh3+ 40. Rh2 Rxh2+ 41. Kxh2 Rxd5 42. Nxh4 Rd2+ 43. Kg3 Rxc2 44. Ng6+ Kg7 45.
Nxe5 Ne4+ 46. Kf4 Nf6 47. Rd1 Rf2+ 48. Ke3 {Diagrama #} 1/2-1/2

[Event "36 Abierto Ciudad de Sevilla"]
[Site "?"]
[Date "2011.01.10"]
[Round "4"]
[White "Mirzoev, Azer"]
[Black "Rodriguez Perez, David"]
[Result "1/2-1/2"]
[WhiteElo "2563"]
[BlackElo "2022"]
[PlyCount "137"]
[EventDate "2011.01.10"]
[SourceDate "2011.01.07"]

1. d4 d5 2. c4 c6 3. Nf3 Nf6 4. Qc2 g6 5. Bf4 Bg7 6. e3 O-O 7. Nc3 a6 8. Be2
Nbd7 9. O-O dxc4 10. Bxc4 b5 11. Be2 Bb7 12. b4 Rc8 13. Rac1 Qb6 14. Qb3 Rfd8
15. h3 Qa7 16. Ne5 e6 17. Nxd7 Rxd7 18. Be5 a5 19. a3 axb4 20. axb4 Ra8 21. Bf3
{Diagrama #} Qa3 $2 22. Qxa3 Rxa3 23. Nxb5 cxb5 24. Bxb7 Rd8 25. Bc6 $16 (25.
Bc7 Rd7 26. Bc8 Re7 27. Bd6 Rea7 28. Ba6 $18) 25... Nd5 26. Bxg7 Kxg7 27. Bxd5
(27. Bxb5 Rb8 28. Bc4 Nxb4 $16) 27... Rxd5 {Diagrama #} 28. Rc7 (28. Ra1 Rb3
29. Rfb1 Rc3 30. Rc1 Rb3 31. Rab1 Rd3 32. Rb2) 28... Rb3 29. Ra1 Rxb4 30. Raa7
Rb1+ 31. Kh2 Rf5 $11 32. Kg3 Rb3 33. h4 h5 34. Rab7 g5 35. hxg5 Rxg5+ 36. Kh2
Rf5 37. Rc2 Rd5 38. g3 Kg6 39. Kg2 Rb1 40. Kf3 h4 41. gxh4 Rh5 42. Kg2 Rxh4 43.
Rcc7 f6 44. Rb6 Rb2 45. Rxe6 Rh5 46. e4 Rg5+ 47. Kf3 Rb3+ 48. Ke2 Rb2+ 49. Ke3
Rb3+ 50. Kd2 Rg2 51. e5 Rxf2+ 52. Kc1 Re3 53. Rxf6+ Rxf6 54. exf6 Kxf6 55. Kd2
Ra3 56. Rc5 b4 57. Rb5 Ke6 58. Ke2 Kd6 59. Rxb4 Kd5 60. Kd2 Rh3 61. Ra4 Rh4 62.
Kd3 Rh3+ 63. Ke2 Rh2+ 64. Kd3 Rh3+ 65. Ke2 Rh2+ 66. Ke3 Rh3+ 67. Kf4 Rh4+ 68.
Kg5 Rxd4 69. Rxd4+ 1/2-1/2

[Event "36 Abierto Ciudad de Sevilla"]
[Site "?"]
[Date "2011.01.10"]
[Round "4"]
[White "Komljenovic, Davorin"]
[Black "Guidi, Maurizio"]
[Result "1-0"]
[WhiteElo "2457"]
[BlackElo "2068"]
[PlyCount "38"]
[EventDate "2011.01.10"]
[SourceDate "2011.01.07"]

1. d4 b6 2. e4 Bb7 3. Bd3 e6 4. Nf3 Ne7 5. c4 d6 6. Nc3 g6 7. Be3 Bg7 8. Qd2 h6
9. O-O-O Nd7 10. h3 a6 11. Kb1 Nc6 12. Be2 Qe7 13. g4 O-O-O 14. Rhg1 Kb8 15.
Qc2 g5 16. Rge1 Rhe8 17. a3 Nf8 18. Ka2 Ng6 19. d5 Nce5 {ilegible Diagrama #}
1-0

[Event "36 Abierto Ciudad de Sevilla"]
[Site "?"]
[Date "2011.01.10"]
[Round "4"]
[White "Montero Campuzano, Rafael"]
[Black "Stella, Andrea"]
[Result "0-1"]
[WhiteElo "2069"]
[BlackElo "2361"]
[PlyCount "83"]
[EventDate "2011.01.10"]
[SourceDate "2011.01.07"]

1. c4 b6 2. Nc3 Bb7 3. e4 e6 4. d4 Bb4 5. Bd3 f5 6. Qe2 Nf6 7. Bg5 fxe4 8. Bxe4
Bxe4 9. Bxf6 Qxf6 10. Qxe4 O-O 11. Nf3 Nc6 12. O-O Bxc3 13. bxc3 Qf5 14. Qe2 d6
(14... Qh5 15. Rad1 Rae8 16. Rfe1 d6 17. Rd3 Nd8 18. Re3 Re7 19. Re4 Ref7 20.
Rh4 Qf5 21. Qd2 h6 {1/2-1/2 Rogule,L (2221)-Paehtz,E (2392)/Leon 2001}) 15. c5
$5 dxc5 16. dxc5 bxc5 17. Rae1 Rad8 18. Qxe6+ Qxe6 19. Rxe6 Rf6 20. Rfe1 Rxe6
21. Rxe6 Rd1+ 22. Re1 Rxe1+ 23. Nxe1 $14 Kf7 24. f3 (24. f4) 24... Ne7 25. c4
Nf5 26. Nd3 Nd6 27. Nb2 (27. Nxc5 Nxc4 28. Kf2) 27... Ke6 28. Kf2 Ke5 {
Diagrama #} 29. Ke2 $2 (29. Ke3 Nf5+ 30. Kd3 g5 (30... Nh4 31. f4+) 31. g3 $11)
29... Kd4 30. Kd2 h5 31. Nd3 Nxc4+ 32. Ke2 g5 33. h4 gxh4 34. Nf4 Ne3 35. a4 c4
36. Ne6+ Ke5 37. Nxc7 Nxg2 38. Kf2 Nf4 39. Nb5 h3 40. Kg3 h4+ 41. Kh2 a6 42.
Nc3 0-1

[Event "36 Abierto Ciudad de Sevilla"]
[Site "?"]
[Date "2011.01.11"]
[Round "5"]
[White "Kovacevic, Slobodan"]
[Black "Teske, Henrik"]
[Result "1/2-1/2"]
[WhiteElo "2326"]
[BlackElo "2520"]
[PlyCount "20"]
[EventDate "2011.01.11"]
[SourceDate "2011.01.07"]

1. d4 Nf6 2. Nf3 d5 3. Bf4 e6 4. e3 Bd6 5. Bg3 c5 6. c3 Nc6 7. Nbd2 O-O 8. Bd3
Qe7 9. Ne5 Nd7 10. Nxd7 Qxd7 {Diagrama #} 1/2-1/2

[Event "36 Abierto Ciudad de Sevilla"]
[Site "?"]
[Date "2011.01.11"]
[Round "5"]
[White "Spraggett, Kevin"]
[Black "Lalic, Bogdan"]
[Result "1/2-1/2"]
[WhiteElo "2575"]
[BlackElo "2491"]
[PlyCount "43"]
[EventDate "2011.01.11"]
[SourceDate "2011.01.07"]

1. d4 Nf6 2. c4 g6 3. Nc3 d5 4. Bg5 Ne4 5. Bh4 Nxc3 6. bxc3 dxc4 7. e3 Be6 8.
Nf3 Bg7 9. Be2 O-O 10. O-O c5 11. Ng5 {otras posibilidades son 11.Rb1 o Qc2}
Bd5 12. e4 h6 (12... Bc6 13. d5 Bb5 14. Nf3 Bxc3 15. Rc1 Bg7 16. Qc2 Qd7 17.
Bxc4 Bxc4 18. Qxc4 Na6 19. Rb1 Rfe8 20. Rfd1 $13) 13. exd5 hxg5 14. Bxg5 cxd4
15. Bxc4 dxc3 16. Qe2 Bf6 17. Bxf6 exf6 18. Rac1 Qd6 19. Rxc3 Nd7 20. Re3 Kg7 {
Diagrama #} 21. Rd1 ({a considerar} 21. Re7 {y si} Rac8 22. Qe6 Qxe6 23. dxe6
Rxc4 24. Rxd7 Re4 25. Rxb7 a6 26. exf7 Re2 27. Ra1 Rxf7 28. Rxf7+ Kxf7 $14)
21... Nc5 22. g3 1/2-1/2